Principles of Forensic Toxicology /

The fifth edition of the best-selling Principles in Forensic Toxicology continues in the tradition of excellence in academic publishing. With over 10 years of classroom-tested and continually updated content, the new edition contains significant updates and 7 new chapters on new topics including dru...

Full description

Bibliographic Details
Corporate Author: SpringerLink (Online service)
Other Authors: Levine, Barry S. (Editor), KERRIGAN, SARAH (Editor)
Format: eBook
Language:English
Published: Cham : Springer International Publishing : Imprint: Springer, 2020.
Edition:5th ed. 2020.
Subjects:
Online Access:Connect to the full text of this electronic book

MARC

Tag First Indicator Second Indicator Subfields
LEADER 00000nam a22000005i 4500
001 in00004379986
006 m o d
007 cr nn 008mamaa
008 200813s2020 sz | o |||| 0|eng d
005 20240805191640.5
020 |a 9783030429171 
024 7 |a 10.1007/978-3-030-42917-1  |2 doi 
035 |a (DE-He213)978-3-030-42917-1 
050 4 |a RM1-950 
072 7 |a MMG  |2 bicssc 
072 7 |a MED071000  |2 bisacsh 
072 7 |a MKG  |2 thema 
082 0 4 |a 615  |2 23 
245 1 0 |a Principles of Forensic Toxicology /  |c edited by Barry S. Levine, SARAH KERRIGAN. 
250 |a 5th ed. 2020. 
264 1 |a Cham :  |b Springer International Publishing :  |b Imprint: Springer,  |c 2020. 
300 |a 1 online resource (XIII, 691 pages 188 illustrations, 23 illustrations in color.) 
336 |a text  |b txt  |2 rdacontent 
337 |a computer  |b c  |2 rdamedia 
338 |a online resource  |b cr  |2 rdacarrier 
347 |a text file  |b PDF  |2 rda 
505 0 |a Part 1: Introduction -- Post Mortem Forensic Toxicology -- Human Performance Toxicology -- Drug-Facilitated Sexual Assault -- Forensic Drug Testing -- Performance enhancing Drug Testing -- Drug Testing in Pain Management -- Pharmacokinetics and Pharmacodynamics -- Part II. Specimen Preparation -- Spectrophotometry -- Chromatography -- Derivatization -- Immunoassy -- Mass Spectrometry -- Quantitation -- Method Validation -- Measurement Uncertainty and Traceability -- Statistics in Forensic Toxicology -- Part III Analytes -- Alcohol -- Benzodiazapines -- Gammahydroxybutyric acid,- Miscellaneous Central Nervous System Depressants -- Opioids -- Cocanie -- Cannabis -- Amphetamines-Sympathomimetic Amines,- Hallucinogens and Psychedelics -- Antidepressants and Neuroleptics -- Miscellaneous Therapeutic Drugs -- Carbon Monoxide/Cyanide -- Inhalants -- Metals -- Part III Special Topics -- Stability of Drugs of Abuse in Biological Systems -- Postmortem Redistribution of Drugs -- Postmortem Clinical Testing -- Pharmacogenomics -- Hair Drug Testing -- Oral Fluid Testing -- Meconium Drug Testing -- Drugs in Embalmed Tissues. 
520 |a The fifth edition of the best-selling Principles in Forensic Toxicology continues in the tradition of excellence in academic publishing. With over 10 years of classroom-tested and continually updated content, the new edition contains significant updates and 7 new chapters on new topics including drug-facilitated crimes, derivatization, quantitation, measurement uncertainty/traceability, statistics, oral fluid testing, and drugs in embalmed specimens. Part One covers the major sub-disciplines of forensic toxicology in addition to pharmacological concepts. Part Two addresses specimen preparation, laboratory testing and instrumental analysis, while Part Three discusses common analytes including cocaine, opioids, alcohol, and marijuana. Adopted for courses in many of the top universities for forensic science and used by respected medical examiner's offices and crime laboratories worldwide, Principles of Forensic Toxicology prepares the next generation of forensic toxicologists and continues to be an important reference in professional practice. 
650 0 |a Pharmacology. 
650 0 |a Forensic science. 
650 0 |a Forensic medicine. 
650 1 4 |a Pharmacology/Toxicology.  |0 https://scigraph.springernature.com/ontologies/product-market-codes/B21007 
650 2 4 |a Forensic Science.  |0 https://scigraph.springernature.com/ontologies/product-market-codes/B23000 
650 2 4 |a Forensic Medicine.  |0 https://scigraph.springernature.com/ontologies/product-market-codes/H23007 
655 7 |a Electronic books.  |2 local 
700 1 |a Levine, Barry S.  |e editor.  |4 edt  |4 http://id.loc.gov/vocabulary/relators/edt 
700 1 |a KERRIGAN, SARAH.  |e editor.  |4 edt  |4 http://id.loc.gov/vocabulary/relators/edt 
710 2 |a SpringerLink (Online service) 
773 0 |t Springer Nature eBook 
776 0 8 |i Printed edition:  |z 9783030429164 
776 0 8 |i Printed edition:  |z 9783030429188 
776 0 8 |i Printed edition:  |z 9783030429195 
776 0 8 |i Printed edition:  |z 9783030577193 
856 4 0 |u http://proxy.library.tamu.edu/login?url=https://doi.org/10.1007/978-3-030-42917-1  |z Connect to the full text of this electronic book  |t 0 
950 |a Biomedical and Life Sciences (SpringerNature-11642) 
950 |a Biomedical and Life Sciences (R0) (SpringerNature-43708) 
955 |a Springer EBA Purchase 
999 f f |s 8a35b13f-479a-3db1-926f-996036fe96f9  |i 12d4c3b9-44f4-3fa0-8e50-abc18786b134  |t 0 
952 f f |a Texas A&M University  |b College Station  |c Electronic Resources  |d Available Online  |t 0  |e RM1-950   |h Library of Congress classification 
998 f f |a RM1-950   |t 0  |l Available Online